| 000 | 00377nam a22001697a 4500 | ||
|---|---|---|---|
| 005 | 20160511152906.0 | ||
| 008 | 160511b xxu||||| |||| 00| 0 eng d | ||
| 020 | _a978-0-09951383-4 | ||
| 041 | _aeng | ||
| 082 | _b1319 | ||
| 100 |
_aHouse wode _9474 |
||
| 245 | _aBlandings Castle | ||
| 260 |
_bArrow books _c2008 |
||
| 300 | _a300 | ||
| 650 |
_aManagement _9241 |
||
| 942 | _cBK | ||
| 999 |
_c582 _d582 |
||